Loading...
| Science - Physics | 0 | 5 | 2 | 2 | 40 | 83 | 108.80 | 0 | 5 | 0.00 | 0.00 |
| Science - Other | 1 | 3 | 1 | 2 | 40 | 45 | 84.50 | 1 | 4 | 0.00 | 0.00 |
| Science - Biology | 0 | 4 | 1 | 2 | 35 | 99 | 115.50 | 1 | 4 | 0.00 | 0.00 |
| Religion | 0 | 3 | 1 | 1 | 25 | 102 | 124.33 | 0 | 2 | 0.00 | 0.00 |
| Philosophy | 0 | 2 | 0 | 2 | 20 | 119 | 130.50 | 0 | 2 | 0.00 | 0.00 |
| Mythology | 0 | 2 | 0 | 0 | 20 | 132 | 132.00 | 1 | 1 | 0.00 | 0.00 |
| History - World | 0 | 2 | 0 | 0 | 20 | 82 | 96.00 | 1 | 2 | 0.00 | 0.00 |
| History - European | 0 | 2 | 1 | 1 | 15 | 128 | 132.00 | 0 | 1 | 0.00 | 0.00 |
| Social Science | 0 | 2 | 1 | 2 | 15 | 123 | 123.50 | 0 | 2 | 0.00 | 0.00 |
| Literature - World | 0 | 1 | 0 | 0 | 10 | 138 | 138.00 | 0 | 1 | 0.00 | 0.00 |
| Geography | 0 | 1 | 0 | 1 | 10 | 130 | 130.00 | 0 | 0 | 0.00 | 0.00 |
| History - American | 0 | 1 | 0 | 1 | 10 | 117 | 117.00 | 0 | 0 | 0.00 | 0.00 |
| Fine Arts - Auditory | 0 | 1 | 0 | 0 | 10 | 145 | 145.00 | 0 | 1 | 0.00 | 0.00 |
| Other Academic | 0 | 1 | 0 | 0 | 10 | 126 | 126.00 | 0 | 1 | 0.00 | 0.00 |
| Religion- Edited | 0 | 1 | 0 | 0 | 10 | 115 | 115.00 | 0 | 1 | 0.00 | 0.00 |
| Science - Chemistry | 0 | 1 | 1 | 1 | 5 | 105 | 105.00 | 0 | 1 | 0.00 | 0.00 |
| History - Other | 0 | 1 | 1 | 0 | 5 | 79 | 79.00 | 1 | 1 | 0.00 | 0.00 |
| Fine Arts - Other | 0 | 0 | 0 | 0 | 0 | 0.00 | 0 | 0 | 0.00 | 0.00 | |
| Fine Arts - Visual | 0 | 0 | 0 | 0 | 0 | 0.00 | 0 | 0 | 0.00 | 0.00 | |
| Literature - European | 0 | 0 | 0 | 0 | 0 | 0.00 | 0 | 0 | 0.00 | 0.00 | |
| Literature - British | 0 | 0 | 1 | 0 | -5 | 0.00 | 0 | 0 | 0.00 | 0.00 |